Servicing with the Oscilloscope (Record no. 57334)

MARC details
000 -LEADER
fixed length control field 00578nam a2200145 a 4500
008 - FIXED-LENGTH DATA ELEMENTS--GENERAL INFORMATION
fixed length control field 120416s1969 ||||||||||||||||| || u
050 ## - LIBRARY OF CONGRESS CALL NUMBER
Classification number TK 7878.6 Kin
100 ## - MAIN ENTRY--PERSONAL NAME
Personal name King, Gordon John
245 10 - TITLE STATEMENT
Title Servicing with the Oscilloscope
246 ## - VARYING FORM OF TITLE
Title proper/short title a guide to testing, adjustment and fault location in radio, television and audio equipment
260 ## - PUBLICATION, DISTRIBUTION, ETC.
Place of publication, distribution, etc. London
Name of publisher, distributor, etc. Newnes-Butterworths
Date of publication, distribution, etc. 1969
300 ## - PHYSICAL DESCRIPTION
Extent 176p. : ill
350 ## - PRICE (NR) (BK AM CF MU VM SE) [OBSOLETE]
Price 0.00
995 ## - RECOMMENDATION 995 [LOCAL, UNIMARC FRANCE]
-- 0.00
-- CBU-MAIN LIBRARY (Kitwe)
-- 1
-- 4.50
-- DAMAGED
-- Main Library Open Access Collection
Holdings
Withdrawn status Lost status Source of classification or shelving scheme Damaged status Not for loan Home library Current library Shelving location Date acquired Total Checkouts Full call number Barcode Date last seen Price effective from Koha item type
          CBU-MAIN LIBRARY, KITWE. CBU-MAIN LIBRARY, KITWE.   11/30/2022   TK 7878.6 Kin 018791 11/30/2022 11/30/2022 MONOGRAPH